00596nam a2200181 a 450000100100000000500170001000800410002702000150006804000250008308200130010810000220012124500460014325000120018926000520020130000330025395201110028699900170039700004059820201002034236.0130903s1979 enkaf 000 0 spa d a0116705760 aDO-SdBNPbspacBNPHU axxxbxxx1 aBorg, Alan96693710aArms and armour in Britain. /cAlan Borg. a2a. ed. aLondon, England :bGovernment bookshops,c1979. a32 p. :bil., lam. ;c20 cm. 001050718MOaPDbPDcCTd2013-09-03iLF1l0oxxx xxxp40598-10r2020-06-25w2020-06-25y1ZNo se presta c40088d40088